00685nam a22001937a 4500999001900000005001700019010001300036020002100049035001100070037001300081082001100094100005300105245008800158246006500246260005500311270007100366300002300437942003100460 c176763d17676320210125124401.0 aUR-11008 c35.00a24IRV89TC aU-9563 bDBAD/PUB a841.08 qکنو ر مہند ر سنگھ بيد ی سحر  aجمنا تٹ سو ر ن cکنو ر مہند ر سنگھ بيد ی سحر  bKanwer Mahinder Singh Bedi (Urdu)aby Haryana Urdu Acedemy  aChandigarhbDirector Haryana Urdu Acedemyc2020 ء aSOC and Printers,Industrial Area,bChandigarhe134113l01722561412 a125 ص c22 Cm(Hb) 2ddccURh841.08mب ے د